Roman and pre-Roman glass in the Royal Ontario Museum : a catalogue /

محفوظ في:

مؤلف مشترك: Royal Ontario Museum.

مؤلفون آخرون: Hayes, John W., 1938-

التنسيق: كتاب

اللغة: English

منشور في: Toronto : The Museum, 1975.

الموضوعات:

الوسوم: إضافة وسم

لا توجد وسوم, كن أول من يضع وسما على هذه التسجيلة!

رقم الطلب: ( F )NK5107.3 .T69 1975

LEADER 00985cam a2200313 u 4500
001 805658
003 OSt
005 20240221085047.0
008 751113s1975 onca bc 001 0 eng
999 |c 56992  |d 56992 
010 |a  75328845  
015 |a C*** 
020 |a 0888540272 
040 |c ARCE Library 
043 |a e------  |a ff-----  |a aw-----  |a n-cn-on 
050 4 |a ( F )NK5107.3 .T69 1975 
110 2 |a Royal Ontario Museum. 
245 1 0 |a Roman and pre-Roman glass in the Royal Ontario Museum :  |b a catalogue /  |c John W. Hayes ; with photographs by L. Warren and A. Williams. 
260 |a Toronto :  |b The Museum,  |c 1975. 
300 |a xii, 229 p. :  |b ill. ;  |c 31 cm. 
500 |a Includes indexes. 
504 |a Bibliography: p. vii-x. 
610 2 0 |a Royal Ontario Museum. 
650 0 |a Glassware  |z Rome  |x Catalogs. 
650 0 |a Glassware, Ancient  |x Catalogs. 
650 0 |a Glassware  |z Ontario  |x Catalogs. 
700 1 |a Hayes, John W.,  |d 1938- 
901 |a reviewed 
942 |2 lcc  |c BK